Handbook of technological pedagogical content knowledge TPCK for educators

Gespeichert in:
Bibliographische Detailangaben
Körperschaft: AACTE (VerfasserIn)
Format: Buch
Sprache:Englisch
Veröffentlicht: Nueva York Routledge 2008
Schlagworte:
Tags: Tag hinzufügen
Keine Tags, Fügen Sie den ersten Tag hinzu!

MARC

LEADER 00000cam a2200000 a 4500
001 UCF9377
003 CL-VaPUC
008 131115e20080000us |||||||||||||||||eng|d
020 |a 9780805863567 
082 0 4 |a 371.33  |b AAC  |2 21 
110 2 |a AACTE  |e author  |9 571648 
245 1 0 |a Handbook of technological pedagogical content knowledge TPCK for educators 
300 |a 320 p 
942 |c BK 
945 |d 20131115 14:49:00  |a dcastane 
260 |a Nueva York  |b Routledge  |c 2008 
650 7 |a INNOVACIONES TECNOLOGICAS  |2 CL-VaPUC  |9 571649 
650 0 |a Educación tecnológica  |9 307597 
583 |a last modification  |c 20131115 14:49:00  |k Rodrigo Vera 
999 |c 353823  |d 353821 
952 |0 0  |1 0  |3 erb  |4 0  |6 371_330000000000000_AAC_2008  |7 0  |8 A  |9 459230  |a BIBEDU  |b BIBEDU  |i 5028280  |o 371.33 AAC 2008  |p 5028280  |r 2019-11-23  |w 2019-11-23  |y BK  |z Catalogado en:20131115  |k EPE